[Event "Nassau CC-ch"]
[Site "Mineola"]
[Date "2007.12.17"]
[Round "10"]
[White "Stenzel, Harold G"]
[Black "Sakayev, Albert"]
[Result "0-1"]
[WhiteElo "2000"]
[BlackElo "1934"]
[PlyCount "42"]
[EventDate "2007.10.15"]
[EventType "swiss"]
[EventRounds "10"]
[EventCountry "USA"]
[SourceTitle "EXT 2009"]
[Source "ChessBase"]
[SourceDate "2008.11.26"]
[SourceVersion "1"]
[SourceVersionDate "2008.11.26"]
[SourceQuality "1"]

1. e4 c5 2. Nf3 d6 3. d4 cxd4 4. Nxd4 Nf6 5. Nc3 Nc6 6. Bg5 Bd7 7. Bxf6 gxf6 8. Qd2 Qa5 9. 0-0-0 Bg7 10. Nb3 Qh5 11. Nd5 Rc8 12. Nxe7 Nxe7 13. Qxd6 Bc6 14. Bc4 Qe5 15. Rhe1 Qxd6 16. Rxd6 0-0 17. Rd3 f5 18. e5 Be4 19. Rd7 Rxc4 20. Rxe7 Rxc2+ 21. Kd1 Rd8+ 0-1

[Event "Nassau CC-ch"]
[Site "Mineola"]
[Date "2007.12.03"]
[Round "8"]
[White "Sakayev, Albert"]
[Black "Mennella, James J"]
[Result "1/2-1/2"]
[WhiteElo "1934"]
[BlackElo "2000"]
[PlyCount "87"]
[EventDate "2007.10.15"]
[EventType "swiss"]
[EventRounds "10"]
[EventCountry "USA"]
[SourceTitle "EXT 2009"]
[Source "ChessBase"]
[SourceDate "2008.11.26"]
[SourceVersion "1"]
[SourceVersionDate "2008.11.26"]
[SourceQuality "1"]

1. e4 d5 2. exd5 Nf6 3. Nc3 Nxd5 4. Nxd5 Qxd5 5. Nf3 Bg4 6. Be2 e6 7. d4 Be7 8. h3 Bh5 9. Bf4 c6 10. c3 0-0 11. 0-0 Nd7 12. Qd2 Qa5 13. Rfe1 Qd8 14. Ne5 Bxe2 15. Rxe2 Nxe5 16. Bxe5 Bd6 17. Qf4 Bxe5 18. Rxe5 Qc7 19. Qe3 Rad8 20. Re1 Rd5 21. f4 Rxe5 22. Qxe5 Qxe5 23. Rxe5 Rd8 24. f5 exf5 25. Rxf5 Kf8 26. Ra5 a6 27. Re5 f6 28. Re2 Kf7 29. Kf2 Rd5 30. Ke3 Rd7 31. Kd3 b5 32. b4 Re7 33. Rd2 Ke6 34. c4 Kd6 35. Rf2 Re1 36. Rc2 Rd1+ 37. Kc3 Re1 38. Kd2 Re4 39. Kd3 Re1 40. a4 bxc4+ 41. Kxc4 Ra1 42. Kb3 Rb1+ 43. Kc4 Ra1 44. Kb3 1/2-1/2

[Event "Nassau CC-ch"]
[Site "Mineola"]
[Date "2007.11.19"]
[Round "6"]
[White "Sakayev, Albert"]
[Black "Russo, Frederick"]
[Result "1-0"]
[WhiteElo "1934"]
[BlackElo "1649"]
[PlyCount "59"]
[EventDate "2007.10.15"]
[EventType "swiss"]
[EventRounds "10"]
[EventCountry "USA"]
[SourceTitle "EXT 2009"]
[Source "ChessBase"]
[SourceDate "2008.11.26"]
[SourceVersion "1"]
[SourceVersionDate "2008.11.26"]
[SourceQuality "1"]

1. e4 c5 2. Nc3 d6 3. Nge2 Nf6 4. g3 Nc6 5. Bg2 Bd7 6. 0-0 e5 7. h3 h5 8. d3 Be7 9. f4 exf4 10. Nxf4 Qc8 11. Kh2 g5 12. Nfd5 g4 13. Nxf6+ Bxf6 14. Rxf6 gxh3 15. Bf3 Bg4 16. Bxg4 hxg4 17. Ne2 Qd7 18. Bf4 Ne5 19. Bxe5 dxe5 20. Nc3 Qd4 21. Qxg4 c4 22. Qf3 0-0-0 23. Rd1 cxd3 24. Rxd3 Qb4 25. Qf5+ Kb8 26. Qxe5+ Ka8 27. Nd5 Qe1 28. Nc7+ Kb8 29. Na6+ Ka8 30. Qb8+ 1-0

[Event "Nassau CC-ch"]
[Site "Mineola"]
[Date "2007.11.05"]
[Round "4"]
[White "Sakayev, Albert"]
[Black "Murphy, Thomas D"]
[Result "1-0"]
[WhiteElo "1934"]
[BlackElo "1742"]
[PlyCount "99"]
[EventDate "2007.10.15"]
[EventType "swiss"]
[EventRounds "10"]
[EventCountry "USA"]
[SourceTitle "EXT 2009"]
[Source "ChessBase"]
[SourceDate "2008.11.26"]
[SourceVersion "1"]
[SourceVersionDate "2008.11.26"]
[SourceQuality "1"]

1. e4 c5 2. Nc3 Nc6 3. g3 Nf6 4. Bg2 d6 5. Nge2 Qb6 6. 0-0 e6 7. b3 g6 8. Bb2 Bg7 9. Na4 Qd8 10. d4 b5 11. dxc5 bxa4 12. e5 Nd5 13. c4 Nxe5 14. cxd5 0-0 15. dxe6 Rb8 16. exf7+ Nxf7 17. Bxg7 Kxg7 18. c6 Qf6 19. Qd4 Qxd4 20. Nxd4 Rb4 21. Rfd1 Ne5 22. a3 Rb6 23. b4 Kf6 24. Rac1 Ke7 25. f4 Ng4 26. Re1+ Kf6 27. Re2 Ba6 28. Re6+ Kg7 29. Rce1 Rf6 30. h3 Nh6 31. Rxf6 Kxf6 32. Re6+ Kf7 33. Rxd6 Nf5 34. Nxf5 gxf5 35. Rd7+ Ke8 36. Rxh7 Bb5 37. Rb7 Kd8 38. Bd5 Rxb7 39. cxb7 Kc7 40. Kf2 Bd7 41. Ke3 Kb8 42. Kd4 Kc7 43. Ke5 Kb8 44. h4 Kc7 45. h5 Be8 46. h6 Bg6 47. Kf6 Bh7 48. Kg7 Kb8 49. Kxh7 a5 50. bxa5 1-0